Aplicación De La Ingeniería 4.0 Como Estrategia Para El Desarrollo Sostenible De Infraestructuras Civiles en el municipio de Cotuí / (Registro nro. 24180)
[ vista simple ]
| 000 -LEADER | |
|---|---|
| fixed length control field | 02568nam a22002777a 4500 |
| 003 - CONTROL NUMBER IDENTIFIER | |
| control field | DO-CoUTE |
| 005 - DATE AND TIME OF LATEST TRANSACTION | |
| control field | 20260511142559.0 |
| 008 - FIXED-LENGTH DATA ELEMENTS--GENERAL INFORMATION | |
| fixed length control field | 260511b dr ||||| |||| 00| 0 spa d |
| 040 ## - CATALOGING SOURCE | |
| Original cataloging agency | DO-CoUTE |
| Language of cataloging | spa |
| Transcribing agency | DO-CoUTE |
| 041 ## - LANGUAGE CODE | |
| Language code of text/sound track or separate title | spa |
| 092 ## - LOCALLY ASSIGNED DEWEY CALL NUMBER (OCLC) | |
| Classification number | ING 2025 D36 |
| 100 1# - MAIN ENTRY--PERSONAL NAME | |
| Personal name | Del Orbe Leonardo, Edward |
| Relator term | Sustentante |
| 245 10 - TITLE STATEMENT | |
| Title | Aplicación De La Ingeniería 4.0 Como Estrategia Para El Desarrollo Sostenible De Infraestructuras Civiles en el municipio de Cotuí / |
| Statement of responsibility, etc. | Edward Del Orbe Leonardo, Rainer Mateo Belén ; Asesor, Luís Núñez Hernández |
| 260 ## - PUBLICATION, DISTRIBUTION, ETC. | |
| Place of publication, distribution, etc. | Cotuí, República Dominicana ; |
| Name of publisher, distributor, etc. | UTECO, |
| Date of publication, distribution, etc. | 2025 |
| 300 ## - PHYSICAL DESCRIPTION | |
| Extent | 44 Paginas : |
| Other physical details | Graficos ; |
| Dimensions | 23cm, |
| 502 ## - DISSERTATION NOTE | |
| Dissertation note | Trabajo de Grado (Ingeniero Civil) Universidad Tecnológica del Cibao Oriental, 2025 |
| 504 ## - BIBLIOGRAPHY, ETC. NOTE | |
| Bibliography, etc. note | Incluye referencia bibliográfica e índice.<br/><br/> |
| 520 ## - SUMMARY, ETC. | |
| Summary, etc. | Este trabajo de grado tuvo como objetivo analizar el panorama actual de la aplicación de la<br/>Ingeniería 4.0 como estrategia para el desarrollo sostenible de infraestructuras civiles en el casco<br/>urbano del municipio de Cotuí, abordando la problemática de la brecha entre la demanda de<br/>sostenibilidad y la limitada adopción tecnológica en el sector de la construcción local. La<br/>metodología empleada fue de tipo descriptivo con un enfoque propositivo, apoyándose en la<br/>aplicación de un instrumento de recolección de datos (cuestionario) dirigido a actores del sector<br/>(ingenieros, constructores y académicos) para evaluar el nivel de madurez digital y las<br/>percepciones sobre las tecnologías 4.0. Los resultados concluyeron que el sector exhibe un nivel<br/>de madurez digital incipiente, mostrando una baja adopción crítica de herramientas como BIM e<br/>IoT debido principalmente a la falta de apoyo institucional y de talento calificado. Para revertir<br/>esta situación y capitalizar las oportunidades de optimización de procesos y eficiencia energética,<br/>el estudio propone un marco estratégico basado en incentivos municipales, alianzas académicas de<br/>capacitación (Lean Construction Sostenible) y la implementación de sistemas de monitoreo IoT<br/>para la gestión de la sostenibilidad post-construcción |
| 650 #4 - SUBJECT ADDED ENTRY--TOPICAL TERM | |
| Topical term or geographic name entry element | Desarrollo sostenible de infraestructura civiles |
| 700 1# - ADDED ENTRY--PERSONAL NAME | |
| Personal name | Edward Del Orbe Leonardo |
| Relator term | Sustentante |
| 700 1# - ADDED ENTRY--PERSONAL NAME | |
| Personal name | Rainer Mateo Belén |
| Relator term | Sustentante |
| 700 1# - ADDED ENTRY--PERSONAL NAME | |
| Personal name | Luís Núñez Hernández |
| Relator term | Asesor |
| 830 ## - SERIES ADDED ENTRY--UNIFORM TITLE | |
| Uniform title | Tesis y disertaciones académicas (Universidad Tecnológica del Cibao Oriental) |
| 856 ## - ELECTRONIC LOCATION AND ACCESS | |
| Link text | Haga Click Aquí para Descargar en Texto Completo |
| 942 ## - ADDED ENTRY ELEMENTS (KOHA) | |
| Source of classification or shelving scheme | Dewey Decimal Classification |
| Koha item type | Tesis |
| Withdrawn status | Lost status | Source of classification or shelving scheme | Damaged status | Not for loan | Collection code | Home library | Current library | Shelving location | Date acquired | Inventory number | Total Checkouts | Full call number | Barcode | Date last seen | Copy number | Price effective from | Koha item type |
|---|---|---|---|---|---|---|---|---|---|---|---|---|---|---|---|---|---|
| Dewey Decimal Classification | e-Tesis (en CD) | Biblioteca UTECO | Biblioteca UTECO | En Estantería | 05/11/2026 | 24180 | ING 2025 D36 | 24180 | 05/11/2026 | Ej.1 | 05/11/2026 | Tesis |
